[Event "Sautron op 13th"]
[Site "Sautron"]
[Date "2013.11.02"]
[Round "9"]
[White "Le Roux, Jean Pierre"]
[Black "Burmakin, Vladimir"]
[Result "1/2-1/2"]
[WhiteElo "2571"]
[BlackElo "2581"]
[Annotator "Primel,D"]
[PlyCount "59"]
[EventDate "2013.10.26"]
[EventType "swiss"]
[EventRounds "9"]
[EventCountry "FRA"]
[SourceTitle "EXT 2014"]
[Source "ChessBase"]
[SourceDate "2013.11.20"]
[SourceVersion "1"]
[SourceVersionDate "2013.11.20"]
[SourceQuality "1"]
[TimeControl "40/5400+30:1800+30"]
[WhiteClock "1:30:00"]
[BlackClock "1:30:00"]

1. c4 {[%emt 0:02:15]} c6 {[%emt 0:00:00]} 2. e4 {[%emt 0:00:26] Bizarrement
la partie va transposer sur une Caro-Kann mais c'est le code de l'Alapine qui
est donné.} d5 {[%emt 0:00:00]} 3. exd5 {[%emt 0:00:32]} cxd5 {[%emt 0:00:00]}
4. cxd5 {[%emt 0:00:56]} Nf6 {[%emt 0:00:02]} 5. Nc3 {[%emt 0:00:12]} (5. Bb5+
Nbd7 6. Nc3) 5... Nxd5 {[%emt 0:01:33]} 6. Nf3 {[%emt 0:00:35]} e6 {[%emt 0:01:
49]} 7. d4 {[%emt 0:01:35]} Bb4 {[%emt 0:00:14] Une position tabya à laquelle
on peut aboutir à partir de plusieurs ouvertures différentes.} (7... Be7 {
L'alternative} 8. Bd3 (8. Bc4)) 8. Bd2 {[%emt 0:01:42]} Nc6 {[%emt 0:00:19]} 9.
Bd3 {[%emt 0:01:56]} Nf6 {[%emt 0:00:20]} (9... O-O) 10. O-O {[%emt 0:04:30]}
O-O {[%emt 0:02:03]} 11. Be3 {[%emt 0:16:59]} (11. Bg5) 11... Be7 {[%emt 0:01:
44]} 12. a3 {[%emt 0:08:03]} b6 {[%emt 0:00:29]} 13. Qe2 {[%emt 0:06:41]} Bb7 {
[%emt 0:01:36]} 14. Rac1 {[%emt 0:01:03]} (14. Rad1 {l'éternelle question de
la R à développer mais avec un P isolé, il semble plus logique de jouer
Rad1 et Rfe1 pour éviter les échanges et c'est d'ailleurs la ligne principale
}) 14... Rc8 {[%emt 0:23:30] Les Noirs suivent toujours la théorie mais ils
ont pourtant réfléchis plus de 20 mns sur cette position.} (14... Qd6 15. Ba6
Bxa6 16. Qxa6 Qd7 17. Ne5 Nxe5 18. dxe5 Ng4 19. Bf4 Qd4 20. Bg3 Qd2 21. Qb7 Bg5
22. f4 Bh6 23. Qf3 Qe3+ 24. Qxe3 Nxe3 25. Rf3 Nc4 26. Rc2 Rac8 27. Bh4 g5 28.
Rg3 Kh8 29. Bxg5 Bxg5 30. fxg5 Nxe5 31. Re2 Ng6 32. Rd2 Rc7 33. Ne4 Rfc8 34.
Rgd3 Kg7 35. Nd6 Ne5 36. Rd4 Rc1+ 37. Kf2 R8c2 38. h4 Kg6 39. Kg3 a6 40. Rxc2
Rxc2 41. Rf4 Rxb2 42. Rf6+ Kg7 43. Kf4 Ng6+ 44. Kg3 {Khamrakulov,I (2500)-Suba,
M (2516) Sanxenxo 2004 1/2-1/2 (65)}) 15. Ba6 {[%emt 0:03:22][%csl Rc6] Un
plan relativement peu joué pour affaiblir la case "c6" mais paradoxalement,
les Blancs ne vont pas en profiter en fin de partie.} (15. Rfd1 Nd5) 15... Qd7
{[%emt 0:02:26]} 16. Rfd1 $146 {[%emt 0:04:38]} (16. Ne5 Nxe5 17. dxe5 Nd5 18.
Rfd1 Rfd8 19. Nxd5 exd5 20. Rxc8 Qxc8 21. Bxb7 Qxb7 22. Qb5 Qd7 23. Qxd7 Rxd7
24. Rc1 h5 25. Bd4 f6 26. f4 Kf7 27. Rc8 Ke6 28. Kf2 Kf5 29. Kf3 fxe5 30. fxe5
g5 31. Ke3 g4 32. Kd3 h4 33. b4 Bg5 34. h3 gxh3 35. gxh3 Re7 36. Rd8 Bf4 37.
Rxd5 Rg7 38. Rd8 Rg3+ 39. Kc4 Bg5 40. Rg8 Rxh3 41. Rf8+ Ke6 42. Rg8 Rg3 43. Bf2
Rg4+ 44. Kb5 h3 45. Re8+ Kd5 {Khamrakulov,I (2452)-Cifuentes Parada,R (2505)
Campillos 2004 1/2-1/2}) 16... Bxa6 {[%emt 0:01:41]} 17. Qxa6 {[%emt 0:00:05]}
Nb8 {[%emt 0:00:06]} 18. Qe2 {[%emt 0:04:23]} Rfd8 {[%emt 0:01:02]} (18... Nc6
19. Ne5 Nxe5 20. dxe5 Nd5 21. Qf3) 19. Bg5 {[%emt 0:02:40]} h6 {[%emt 0:09:23]}
20. Bh4 {[%emt 0:02:22]} Qb7 {[%emt 0:01:12]} 21. h3 {[%emt 0:01:50]} Nc6 {
[%emt 0:02:55]} 22. Bxf6 {[%emt 0:04:53]} Bxf6 {[%emt 0:00:07]} 23. d5 $1 {
[%emt 0:00:07] La percée thématique mais qui va applanir la position} exd5 {
[%emt 0:00:28]} 24. Nxd5 {[%emt 0:00:28]} Rd6 {[%emt 0:00:09]} 25. b4 {[%emt 0:
03:09]} (25. Nxf6+ Rxf6) 25... Re6 {[%emt 0:07:02]} 26. Qc2 {[%emt 0:09:58]} a6
{[%emt 0:06:13]} 27. Nxf6+ {[%emt 0:04:29]} Rxf6 {[%emt 0:00:03]} 28. Ne5 {
[%emt 0:01:37]} Qc7 $2 {[%emt 0:14:10]} 29. Ng4 {[%emt 0:02:48]} (29. f4 $1 {
[%csl Rc6] Les Noirs sont en zuzwang!} Rxf4 (29... Qb7 30. Rd3 b5 31. Rc3 $18)
(29... g5 30. Rd7) 30. Nxc6) 29... Re6 {[%emt 0:00:21]} 30. Ne3 {[%emt 0:01:16]
} 1/2-1/2

[Event "FRA-ch 58 Championnat"]
[Site "Belfort"]
[Date "1983.08.22"]
[Round "10"]
[White "Preissmann, Emmanuel"]
[Black "Haik, Aldo"]
[Result "1/2-1/2"]
[WhiteElo "2360"]
[BlackElo "2400"]
[Annotator "Primel,D"]
[PlyCount "155"]
[EventDate "1983.08.12"]
[EventType "tourn"]
[EventRounds "15"]
[EventCountry "FRA"]
[EventCategory "2"]
[SourceTitle "EXT 2016"]
[Source "ChessBase"]
[SourceDate "2015.10.08"]
[SourceVersion "1"]
[SourceVersionDate "2015.10.08"]
[SourceQuality "1"]
[TimeControl "40/9000:16/5400:0"]

1. e4 c5 2. c3 Nf6 3. e5 Nd5 4. d4 cxd4 5. Nf3 e6 6. cxd4 d6 (6... b6 {
L'alternative} 7. Nc3) 7. Nc3 (7. Bc4 Nc6 8. Nc3 (8. O-O Be7 9. exd6 (9. Nc3
Nxc3 10. bxc3 dxe5 11. Nxe5 Nxe5) (9. Qe2 O-O 10. Nc3 (10. Qe4 Bd7 11. Bd3 (11.
Bxd5 exd5 12. Qxd5 Nb4 13. Qe4 Bc6 14. Qe2 Bxf3 15. Qxf3 (15. gxf3 Rc8 (15...
Qb6)) 15... Nc2)) 10... Nxc3 11. bxc3 dxe5 12. dxe5 Qa5) 9... Qxd6 10. Nc3 O-O
11. Re1 Rd8) 8... Nxc3 9. bxc3 dxe5 10. Nxe5 Nxe5 11. dxe5 Qxd1+) 7... Nxc3 8.
bxc3 Nc6 (8... Qc7 $142 {La grande ligne} 9. Bd2 Nd7 10. exd6 Bxd6 11. Bd3 b6
12. O-O Bb7 {[%cal Gd6h2,Gb7f3]} 13. Re1 O-O 14. h3 Bf4 $11) 9. exd6 Qxd6 (9...
Bxd6 $142) 10. Bd3 Be7 11. O-O O-O 12. Re1 b6 13. Ne5 (13. Rb1 Bb7 14. Ng5 Bxg5
15. Bxg5 Na5 16. Re3 Qd5 17. Rg3 f5 18. h4 Rac8 19. Qd2 Rf7 20. Bf4 Qd8 21. Re1
Bd5 22. h5 Bc4 23. Be5 Bxd3 24. Qh6 Rcc7 25. Qxe6 Bc4 26. Rxg7+ Kf8 27. Bxc7
Qxc7 {Spassky,B (2610)-Huebner,R (2600)/Solingen 1977/EXT 2002/1-0}) 13... Nxe5
14. Bf4 Qd7 15. Bxe5 {[%cal Gd3h7,Ge5g7] Avec des menaces réelles de double
sacrifices sur le roque noir ,en commençant par un "cadeau grec"Bh7!.} g6 16.
Re3 $40 {[%cal Ge3h3,Gd1h5]} Bb7 17. Qh5 $1 {[%cal Gh5h7,Ge3h3,Re3g3] Avec la
menace du pseudo sacrifice Qh7} f5 18. Qh6 Rf7 19. Rh3 (19. Rae1) (19. Rg3 {
[%cal Gh2h4,Gh4h5,Gg3g2,Gg3g6]} Bf6 $1) 19... Bf6 20. Bxf6 Rxf6 21. Qf4 Rc8 22.
Bf1 Rf7 23. a4 Bd5 24. Ba6 Rc7 25. Rg3 Bc4 $1 $132 26. Bxc4 Rxc4 27. h4 {
l'attaque arrive trop tard} Qc7 $15 28. Qxc7 $2 {La structure de pions des
blancs est trés faible} Rfxc7 29. Ra3 a6 30. h5 Kf7 31. hxg6+ hxg6 32. f4 Kf6
33. Kf2 Rh7 $1 34. Re3 Rh4 35. Kg3 Rh1 36. Rb3 Rc6 37. c4 {[%cal Gd4d5]} Rd1
38. c5 bxc5 39. dxc5 Rc1 40. Rec3 Rxc3+ $2 (40... Rxc5 $17) 41. Rxc3 e5 (41...
g5 42. fxg5+ Kxg5 {[%csl Ge6][%cal Ge6e1]}) 42. fxe5+ Kxe5 43. Kh4 Kf6 44. Rb3
$1 Rxc5 45. Rb6+ Ke5 46. Rxa6 Rc4+ 47. Kg3 g5 48. a5 Rc3+ (48... Ra4 {[%csl
Ra5,Ra6][%cal Ga4a3]}) 49. Kh2 Ra3 50. Ra8 (50. Rg6 $1 Kf4 51. a6 g4 {[%cal
Gg4g3]}) 50... Kf4 {l'activation des pièces noires doit donner quelques très
légères chances de gain qui justifient la poursuite de la partie.} 51. Rb8 Kg4
(51... Rxa5) 52. a6 Rxa6 53. Rb3 f4 54. Rc3 Ra2 55. Rb3 Kh5 56. Rf3 {
Ajournement} Kg6 57. Kg1 Kf5 58. Rb3 Ra1+ 59. Kf2 Ra2+ 60. Kf1 g4 61. Rb5+ {
[%csl Rf5]} Ke4 62. Rb8 Rc2 63. Ra8 Rc3 64. Kf2 g3+ 65. Kf1 Rc1+ 66. Ke2 Rg1
67. Re8+ Kf5 68. Rf8+ Ke5 69. Re8+ Kd5 70. Rd8+ Ke6 71. Kf3 Rf1+ 72. Kg4 Rf2 (
72... Ke5) 73. Ra8 Ke5 74. Ra1 Ke4 75. Ra4+ Ke3 76. Ra3+ Ke2 77. Ra1 Rxg2 78.
Kxf4 1/2-1/2

[Event "BBC TV Master Game, Series 4"]
[Site "Bristol"]
[Date "1979.03.??"]
[Round "1"]
[White "Hort, Vlastimil"]
[Black "Nunn, John DM"]
[Result "1-0"]
[WhiteElo "2600"]
[BlackElo "2500"]
[Annotator "Primel,D"]
[PlyCount "89"]
[EventDate "1979.03.27"]
[EventType "k.o."]
[EventRounds "3"]
[EventCountry "ENG"]
[SourceTitle "EXT 2018"]
[Source "ChessBase"]
[SourceDate "2017.10.13"]
[SourceVersion "1"]
[SourceVersionDate "2017.10.13"]
[SourceQuality "1"]

1. e4 c5 2. c3 d5 3. exd5 Qxd5 4. d4 e6 5. Nf3 Nf6 6. Be2 Be7 7. c4 (7. O-O O-O
(7... Nc6)) 7... Qd8 8. O-O cxd4 9. Nxd4 O-O 10. Nc3 a6 11. Bf4 Nbd7 12. Bg3
Nc5 13. Bf3 $16 {[%csl Ra8,Rb7,Rc8]} Qb6 14. Qc2 Bd7 15. Rab1 {[%cal Gb2b4]} a5
16. Rfd1 Rac8 17. Qe2 Rfe8 18. Ndb5 $36 Bc6 19. b3 Bxf3 20. Qxf3 Qc6 21. Qxc6
Rxc6 22. f3 Kf8 23. Kf1 Rd8 24. Bc7 Rxd1+ 25. Rxd1 a4 $132 26. Rb1 axb3 27.
axb3 Ne8 28. Be5 Nd6 29. Bxd6 Bxd6 30. b4 Na6 {[%csl Ra6]} 31. Nxd6 Rxd6 32.
Ne4 Rd4 33. b5 $36 Nb8 34. c5 {[%cal Gc5c6,Gb1c1]} f5 $6 35. Ng5 {[%csl Rd4,
Re6]} Ke7 36. Re1 e5 37. Rxe5+ Kf6 38. Re8 Nd7 39. Nxh7+ Kg6 40. c6 $1 bxc6 41.
bxc6 Kxh7 (41... Nb6 42. Nf8+ Kf7 43. Rb8 Nd5 44. Nd7 $18) 42. Rd8 Rc4 43. cxd7
Rd4 44. Rf8 Rxd7 45. Rxf5 1-0

[Event "Avoine op 22nd"]
[Site "Avoine"]
[Date "2007.07.26"]
[Round "6"]
[White "Schmittdiel, Eckhard"]
[Black "Tirard, Hugo"]
[Result "1/2-1/2"]
[WhiteElo "2436"]
[BlackElo "2476"]
[Annotator "Primel,D"]
[PlyCount "32"]
[EventDate "2007.07.21"]
[EventType "swiss"]
[EventRounds "9"]
[EventCountry "FRA"]
[SourceTitle "EXT 2010"]
[Source "ChessBase"]
[SourceDate "2010.11.25"]
[SourceVersion "1"]
[SourceVersionDate "2010.11.25"]
[SourceQuality "1"]

1. e4 c5 2. c3 Nf6 3. e5 Nd5 4. Nf3 Nc6 5. d4 cxd4 6. Bc4 Nb6 7. Bb3 g6 (7...
d5 8. exd6 Qxd6 9. O-O Be6 10. Na3 dxc3 11. Qe2 Bxb3 12. Nb5 Qb8 13. axb3 e5
14. bxc3 Be7 15. Bg5 f6 16. Be3 Nd5 17. Nh4 a6 18. Qh5+ Kf8 19. Na3 Qe8 20. Qf3
Nxe3 {Jenni,F (2440)-Gershon,A (2502) Biel MTO op 2000 (8) 0-1} (20... Nxc3 21.
Nf5 e4 22. Qh3 Bxa3 $17 (22... Rd8))) 8. Bf4 Bg7 9. O-O O-O 10. Re1 d6 11. exd6
exd6 12. Nxd4 ({RR} 12. Bg5 Qc7 13. Nxd4 Nxd4 14. cxd4 Bf5 15. Re7 Qc6 16. Nc3
Rae8 17. d5 Qc8 18. Qd2 Qb8 19. Rae1 Rxe7 20. Bxe7 Re8 21. Nb5 Nc8 22. Bg5 Bd7
23. Rxe8+ Bxe8 24. Nc3 f6 25. Qe2 Bf7 26. Be3 a6 {Schmittdiel,E (2490)
-Machelett,H (2387)/Germany 2000/CBM 074 ext/1-0 (71)}) 12... Nxd4 13. cxd4 Qf6
$1 14. Qd2 $146 ({RR} 14. Bg3 Qxd4 ({RR} 14... h5 15. Nc3 Bg4 16. Qd3 Rad8 17.
Ne4 Qxd4 18. Qxd4 Bxd4 19. Bxd6 Rfe8 20. Bc7 Rc8 21. Bxb6 axb6 22. Nd6 Rxe1+
23. Rxe1 Rc7 24. Nb5 Rd7 25. h3 Bf5 26. Nxd4 Rxd4 27. Re7 Kg7 28. Rxf7+ Kh6 29.
Rxb7 {Palkovi,J (2480)-Cao Sang (2455)/Budapest 1996/CBM 052 ext/1/2-1/2 (69)})
15. Nc3 Bf5 16. Re7 Nd7 17. Bxd6 Rad8 18. Re1 Rfe8 19. Be7 Rc8 20. Nb5 Qxd1 21.
Raxd1 Ne5 22. Ba3 Bg4 23. Ra1 Red8 24. h3 Bf5 25. Nd6 Rxd6 26. Bxd6 Nd3 27. Re7
Bxb2 28. Rd1 Rc3 {Karpatchev,A (2480)-Uwira,O (2179)/Frankfurt 2004/EXT 2005/
1-0 (32)}) 14... Qxd4 15. Qxd4 Bxd4 16. Nc3 Be6 1/2-1/2

[Event "CHN-chT 4th"]
[Site "China"]
[Date "2008.12.08"]
[Round "16"]
[White "Peng, Xiaomin"]
[Black "Zvjaginsev, Vadim"]
[Result "0-1"]
[WhiteElo "2590"]
[BlackElo "2646"]
[Annotator "Primel,D"]
[PlyCount "96"]
[EventDate "2008.12.??"]
[EventType "team-tourn"]
[EventRounds "18"]
[EventCountry "CHN"]
[SourceTitle "EXT 2017"]
[Source "ChessBase"]
[SourceDate "2016.10.25"]
[SourceVersion "1"]
[SourceVersionDate "2016.10.25"]
[SourceQuality "1"]

1. e4 c5 2. Nf3 e6 3. c3 Nf6 4. e5 Nd5 5. Bc4 (5. d4 {La grande ligne} cxd4 6.
cxd4) 5... d6 (5... Nb6 6. Bb3 d6 7. d4 (7. exd6 Bxd6 8. d4 cxd4 9. cxd4 O-O
10. O-O Bd7 11. Nc3 (11. Qd3 h6) 11... Bc6 12. Ne5 Bxe5 13. dxe5 Qxd1 14. Rxd1
N8d7 15. f4 Nc5 16. Bc2 Nba4 $132 {Kotronias inf119}) 7... cxd4 8. cxd4 dxe5 9.
Nxe5 Nc6 10. Nf3 Be7 11. Nc3 Bf6 12. Be3 Na5 13. Bc2 Nac4 14. Qe2 Bd7 15. O-O
Rc8 16. Bb3 O-O 17. Rad1 Qe7 18. Bc1 Bc6 {[%cal Gc6f3,Gb6c4]}) (5... Nc6 6. d4
cxd4 7. cxd4 Nb6 (7... d6) 8. Bd3 (8. Bb3) 8... d5 9. Bg5 (9. exd6 Bxd6 10. Nc3
) 9... Be7 10. Bxe7 Qxe7 11. O-O Bd7 12. Nc3 O-O 13. a3 f5 14. exf6 Rxf6 15.
Ne2 (15. b4) (15. Re1 {[%csl Ge5]} Raf8 16. Bf1 Rxf3 17. gxf3 Qh4 $44) 15...
Rxf3 $1 {Paichadze,L (2480)-Jobava,B (2721) GEO-ch 71st Tbilisi 2012 (10) 0-1})
6. d4 cxd4 7. cxd4 Nb6 8. Bb3 dxe5 (8... Nc6) 9. Nxe5 Nc6 10. Nf3 (10. Nxc6
bxc6 11. O-O Be7 12. Nc3 O-O 13. Qd3 a5 14. Bc2 g6 15. Rd1 Ba6 16. Qf3 Rc8 17.
Bh6 Re8 18. Be4 Nd5 19. Na4 f5 20. Bxd5 Qxd5 21. Qe3 Qe4 22. Qxe4 fxe4 23. Bf4
Rcd8 24. Be5 Bd3 25. Nc5 Bxc5 26. dxc5 Rd5 27. Bd6 a4 28. Rdc1 Ra8 29. Rc3 e5
30. Ra3 Kf7 {1/2-1/2 (30) Luther,T (2556)-Shengelia,D (2543) Austria 2014})
10... a5 $5 $146 {[%cal Ga5a4,Ga8a6]} (10... Be7 11. Nc3 Bf6 12. Be3 Na5 13.
Bc2 Nac4 14. O-O Nxb2 15. Qe2 N2c4 16. Ne5 Nd6 17. Qh5 g6 18. Qh6 Nf5 19. Bxf5
exf5 20. Rfe1 Be6 21. Rad1 Nd5 22. Nxd5 Qxd5 23. Nd3 O-O-O 24. Qf4 Qd6 25. Rc1+
Kb8 26. Qxd6+ Rxd6 27. Bf4 Rhd8 28. Nc5 Bxa2 29. d5 a5 30. Re2 Bxd5 31. Rd2 Ka7
32. Bxd6 Rxd6 33. Rcd1 Kb6 34. Rxd5 Rxd5 35. Rxd5 Kc6 36. Rd7 Kxc5 37. Rxb7 a4
38. Kf1 a3 39. Ra7 Kb4 40. Ke2 {Rublevsky,S (2655)-Filippov,V (2609) Moscow
2004 0-1}) 11. a3 (11. Nc3 a4 12. Bc2 Be7 (12... a3 13. b3 Nb4 $132 {[%csl Gb4]
}) (12... g6)) 11... g6 {[%csl Rf6]} (11... Be7 {Plus solide mais aussi moins
ambitieux} 12. O-O O-O 13. Nc3 Bf6 14. Be3 Ne7 $11 {[%csl Rd4,Gd5][%cal Gb6d5,
Ge7d5]}) 12. Nc3 Bg7 {[%csl Rd4]} 13. Bg5 $1 {Tentant de profiter de
l'affaiblissement provoqué par le fianchetto} f6 $1 14. Be3 Ne7 $1 15. O-O O-O
16. Re1 Nbd5 $11 17. h4 Ra6 $5 {Un plan original!} 18. Rc1 (18. h5 $5 Nxe3 19.
fxe3 Bh6 {Pose moins de problème car les Blancs n'ont pas encore joué Rc1})
18... Nxe3 19. fxe3 Bh6 {[%csl Rc1,Re3][%cal Gh6c1]} 20. Rc2 Kh8 $132 21. Rf2
Nd5 22. e4 (22. Qd3 $5 {[%cal Gh4h5,Gb3c2,Gd3e3,Gd3h7]}) 22... Ne3 23. Qd3 Ng4
$13 24. Rfe2 Bd7 {Les Noirs ont un bon jeu de pièces qui compense le léger
avantage d'espace des Blancs} 25. Nd1 (25. h5) 25... Rd6 (25... a4 $5 {[%csl
Rb2]}) 26. h5 {[%cal Gh5g6,Gd3h7,Ge4e5]} gxh5 $1 27. e5 fxe5 28. Bc2 Rf5 $1 29.
Nxe5 Nxe5 30. Rxe5 Qb6 31. R5e4 Bb5 32. Qg3 Rxd4 $36 {[%cal Gb6g1]} 33. Kh1 Bd2
34. Rxe6 $2 (34. Rxd4 $8 Bxe1 35. Qb8+ Kg7 36. Bxf5 Qxd4 37. Bxe6 $13 {[%csl
Rg7,Rh1]}) 34... Qxe6 (34... Bxe1 35. Rxe1 Rff4) 35. Rxe6 Rf1+ 36. Kh2 Bf4 37.
Ne3 Re1 38. Re7 Bxg3+ 39. Kxg3 Rg4+ 40. Kf2 Re2+ 41. Kf3 Rg7 42. Re5 Rf7+ 43.
Ke4 Bc6+ 44. Kd3 Ref2 45. Rxh5 Re7 46. Kd4 Rf4+ 47. Kd3 Be4+ 48. Kc3 Rc7+ 0-1

[Event "BBC TV Master Game, Series 4"]
[Site "Bristol"]
[Date "1979.03.??"]
[Round "2"]
[White "Hort, Vlastimil"]
[Black "Miles, Anthony John"]
[Result "1-0"]
[WhiteElo "2600"]
[BlackElo "2560"]
[Annotator "Primel,D"]
[PlyCount "69"]
[EventDate "1979.03.27"]
[EventType "k.o."]
[EventRounds "3"]
[EventCountry "ENG"]
[SourceTitle "EXT 2018"]
[Source "ChessBase"]
[SourceDate "2017.10.13"]
[SourceVersion "1"]
[SourceVersionDate "2017.10.13"]
[SourceQuality "1"]

1. e4 c5 2. c3 Nf6 3. e5 Nd5 4. d4 cxd4 5. Qxd4 e6 6. Nf3 Nc6 7. Qe4 f5 8. exf6
Nxf6 9. Qh4 e5 (9... Be7 10. Bd3 O-O 11. Bg5 g6 12. Nbd2 e5 13. O-O d5 14. Rad1
Qb6 15. c4 e4 16. cxd5 exd3 17. dxc6 Qxc6 18. Rfe1 Bd8 19. Nc4 Bf5 20. Ne3 Be4
21. Ne5 Qb5 22. Bxf6 Bxf6 23. Qxe4 Bxe5 24. Rxd3 Rae8 25. Qd5+ Qxd5 26. Rxd5
Bxb2 27. Rb1 Bc3 28. Rd3 Rc8 29. Rxb7 Bf6 30. g3 a5 31. Rdd7 h5 32. Ra7 Ra8 33.
Rxa8 Rxa8 34. Nd5 Bd8 35. h4 Kf8 36. f4 Ke8 37. Rg7 Rc8 38. Rxg6 Rc2 {1-0 (38)
Dueckstein,A (2425)-Rantanen,Y (2410) Haifa 1976}) (9... d5 10. Bd3 Bd6 11.
Bg6+) 10. Bg5 d5 11. Bb5 Bd6 12. c4 $146 (12. O-O O-O 13. Nbd2 Bf5 14. Nb3 Ne7
15. Be2 Qd7 16. Bxf6 Rxf6 17. Qg5 Rg6 18. Qe3 Rf8 19. Rfe1 Be4 20. Nh4 Rh6 21.
f3 Bc2 22. g3 Nf5 23. Nxf5 Qxf5 24. Nd2 Bc7 25. c4 Ba5 26. Bf1 Qh5 27. h4 Qg6
28. Kh2 d4 29. Qf2 Bxd2 30. Qxd2 Rxf3 31. Qg2 Be4 32. Bd3 Rxd3 33. Rxe4 Qd6 34.
Qe2 Re3 35. Rxe3 dxe3 36. Qxe3 Qb6 37. Qxe5 Rf6 38. Qd5+ Kf8 39. Kh3 Qxb2 40.
Re1 {1-0 (40) Andersen,M-Allen,K Schilde 1978}) 12... O-O 13. O-O e4 14. cxd5
exf3 (14... Ne7 15. Bxf6 exf3) 15. dxc6 fxg2 16. Kxg2 bxc6 17. Bc4+ (17. Bxc6
$2 Rb8 18. Nd2 Rb4 $40) 17... Kh8 18. Nc3 Qc7 19. Rad1 Bb7 $6 (19... Bf5 $142
$15 {[%csl Gf5,Rg2]}) 20. Bd3 Rad8 21. Bf5 Be5 $2 (21... c5+ 22. Kg1 Qc6 $40)
22. Bxh7 c5+ 23. f3 Rd4 24. Rxd4 cxd4 25. Bf5+ Kg8 26. Be6+ Rf7 27. Ne4 Qc6 28.
Nxf6+ gxf6 29. Bxf6 Qc2+ 30. Kh1 Bxf3+ 31. Rxf3 Qd1+ 32. Kg2 Qc2+ 33. Qf2 Qg6+
34. Rg3 $1 {[%csl Rf7,Rg6,Rg8] La pointe} Bxg3 35. Qxg3 {[%cal Ge6g8,Gg3g8]}
1-0

[Event "Andorra op 19th"]
[Site "Andorra"]
[Date "2001.07.01"]
[Round "2"]
[White "Torrecillas Martinez, Antonio"]
[Black "Psakhis, Lev"]
[Result "0-1"]
[WhiteElo "2379"]
[BlackElo "2575"]
[Annotator "Psakhis,L"]
[PlyCount "62"]
[EventDate "2001.06.30"]
[EventType "swiss"]
[EventRounds "9"]
[EventCountry "AND"]
[SourceTitle "CBM 083 Extra"]
[Source "ChessBase"]
[SourceDate "2001.09.11"]
[SourceVersion "1"]
[SourceVersionDate "2001.09.11"]
[SourceQuality "1"]

1. e4 c5 2. c3 e6 3. d4 d5 4. exd5 exd5 5. Nf3 a6 6. dxc5 Bxc5 7. Be2 (7. Nbd2
Nc6 8. Nb3 Ba7 9. Bg5 Nge7 10. Qd2 O-O 11. Be2 f6 12. Be3 Bxe3 13. Qxe3 Nf5 14.
Qd2 Be6 15. Bd3 Qd6 16. O-O Ne5 17. Nbd4 $14 {Sermek,D-Jankovic,A/Pula op 1999/
1-0 (41)}) 7... Nf6 8. O-O O-O 9. Bg5 Re8 $146 (9... Be6 10. Nbd2 Nbd7 11. Nb3
Ba7 12. Nfd4 Rc8 13. Re1 Qb6 14. Be3 Bb8 15. Bf3 Qd6 16. g3 Ne5 17. Bf4 Nfd7
18. Bg2 $36 {Hajdu,A-Kovacs,G/HUN t-ch2 1999/1-0 (62)}) 10. Nbd2 $6 (10. Bxf6
$1 Qxf6 11. Qxd5 Rxe2 (11... Bb6 12. Bd3 Nc6 13. Nbd2) 12. Qxc5 Bg4 13. Qc4 $5
Qe6 14. Qxe6 fxe6 15. Nbd2 Bxf3 16. Nxf3 Rxb2 17. Rfb1 Rxb1+ 18. Rxb1 b5 19.
Re1 Nd7) 10... h6 11. Bh4 Nc6 12. Nb3 Ba7 13. Re1 g5 $1 14. Bg3 Ne4 15. Nfd2 (
15. Nfd4 $5) (15. Bd3 f5 (15... Bg4 $5) 16. c4 dxc4 17. Bxc4+ Kg7) 15... Nxg3
16. hxg3 g4 $1 {[%cal Gh6h4]} (16... Qb6 17. Rf1) (16... Qd6 17. Nf1 Qf6 (17...
d4 $5) 18. Bf3) 17. Bd3 Rxe1+ 18. Qxe1 h5 19. Nf1 (19. Rd1 Be6) 19... Be6 20.
Rd1 Qf6 {[%csl Ga7][%cal Gg8g7,Ga8h8]} 21. Ne3 Kg7 22. Bb1 (22. Qd2 Rh8) 22...
h4 (22... Rh8 23. Nxd5 Bxd5 24. Rxd5 h4 25. Qe2 $1 (25. Nc5 $5 hxg3 26. fxg3
Qe7 $5 27. Qf2 Rd8 28. Rxd8 Qxc5 29. Qxc5 Bxc5+ 30. Rd4 Kf6 31. Kf1 $11) (25.
Rf5 hxg3 $1 26. Rxf6 Kxf6 27. Nd4 Nxd4 28. Qe4 Ne6 $19) 25... hxg3 26. Qxg4+
Qg6 (26... Kf8 27. Qc8+ $11) 27. Qxg6+ $1 (27. Bxg6 gxf2+ 28. Kf1 Rh1+ 29. Ke2
f1=Q+ $19) 27... fxg6 28. Nd4 Nxd4 29. cxd4 Rc8 30. Bd3 Rc1+ 31. Bf1 Rd1 $17)
23. gxh4 (23. Nf1 Rh8) 23... Qxh4 24. Nd4 (24. g3 Qh5 (24... Qh3 25. Qf1 $8
Bxe3 26. Qxh3 Bxf2+ 27. Kxf2 gxh3 $17) 25. Ng2 Ne5 26. Nd2 Nf3+ 27. Nxf3 gxf3
28. Nh4 Qg5 29. Kh1 Rh8) 24... Nxd4 25. cxd4 Rh8 26. Kf1 Qf6 $1 27. Qd2 (27.
Qb4 g3 $1 28. f3 Qf4 (28... Rh1+ 29. Ke2 Rxd1 30. Kxd1 Bxd4 31. Nf5+ Bxf5 32.
Bxf5 Qe5 33. Bc8) 29. Qd2 Rh4) 27... g3 $1 28. f3 Rh4 $1 (28... Rh1+ 29. Ke2
Rxd1 30. Kxd1 Bxd4 31. Nf5+ Bxf5 32. Bxf5) 29. Ke2 (29. Nc2 Bd7 $1) 29... Bxd4
(29... Rxd4 30. Qc3 Rxd1 31. Nxd1) 30. Qd3 Re4 $1 31. Kf1 (31. fxe4 Qf2#) 31...
Bxe3 0-1

[Event "Rohde op 07th"]
[Site "Sautron"]
[Date "2007.10.30"]
[Round "5"]
[White "Bedouin, Xavier"]
[Black "Babaev, Rashad"]
[Result "1/2-1/2"]
[WhiteElo "2342"]
[BlackElo "2465"]
[Annotator "RR"]
[PlyCount "44"]
[EventDate "2007.10.27"]
[EventType "swiss"]
[EventRounds "9"]
[EventCountry "FRA"]
[SourceTitle "EXT 2008"]
[Source "ChessBase"]
[SourceDate "2007.11.25"]
[SourceVersion "1"]
[SourceVersionDate "2007.11.25"]
[SourceQuality "1"]

1. e4 c5 2. c3 Nf6 3. e5 Nd5 4. d4 cxd4 5. cxd4 d6 6. Nf3 Nc6 7. Bc4 Nb6 (7...
e6 8. O-O (8. Bxd5 exd5 9. O-O Be7 10. Nc3 dxe5 $11) 8... Be7 9. Qe2) 8. Bb5 (
8. Bb3) 8... Bd7 (8... dxe5 {Plus courant} 9. Nxe5 Bd7 10. Bxc6 Bxc6 11. Nxc6
bxc6 12. O-O g6 (12... e6) 13. Re1 Bg7 14. Bg5 Nc8 15. Qf3 O-O $1) 9. Nc3 e6 (
9... dxe5 10. Nxe5 Nxe5 11. dxe5 Bxb5 12. Nxb5 Qxd1+ 13. Kxd1 Nd5 $11 {[%csl
Gc7,Gd5][%cal Ge7e6]}) 10. O-O dxe5 11. dxe5 Nb4 $1 12. Bg5 Be7 13. Bxe7 Qxe7
14. Ne4 $146 {[%csl Rd6][%cal Ge4d6]} ({RR} 14. a3 N4d5 15. Nxd5 Nxd5 16. Bxd7+
Qxd7 17. Qd4 {1/2-1/2 Landenbergue,C (2404)-Wojtkiewicz,A (2572)/Geneve 2001/
EXT 2002}) 14... O-O 15. Bxd7 Nxd7 $11 16. Qb3 Rab8 17. Rfd1 Nd5 {[%csl Gd5]}
18. Rac1 Rfd8 19. a3 a6 20. g3 h6 21. Kg2 N7b6 22. Rc5 Nc8 {Quid de la règle
des 25 coups?} 1/2-1/2